| 000 | 00677nam a2200229Ia 4500 | ||
|---|---|---|---|
| 005 | 20220524152950.0 | ||
| 008 | 131103s9999 xx 000 0 und d | ||
| 020 |
_a521640768 _cRs.3465.00 |
||
| 040 | _aLoreto College | ||
| 041 | _aEnglish | ||
| 082 |
_a801.95 _bBEC-UHL |
||
| 100 | _aUhlmann, Anthony | ||
| 245 |
_aBeckett and poststructuralism _cAnthony Uhlmann |
||
| 260 |
_aCambridge _bcambridge University Press _c1999 |
||
| 300 | _ax,202p | ||
| 504 | _aIncludes bibliographical references and index | ||
| 630 | _aLiterary theory | ||
| 650 | _aLiterary criticism | ||
| 651 | _aBeckett,Samuel-Criticism and interpretation | ||
| 850 |
_aLCLIB _bPG |
||
| 942 | _cBK | ||
| 999 |
_c37762 _d88241 |
||